| 000 -LEADER |
| fixed length control field |
00775nam a22001937a 4500 |
| 005 - DATE AND TIME OF LATEST TRANSACTION |
| control field |
20240305101831.0 |
| 008 - FIXED-LENGTH DATA ELEMENTS--GENERAL INFORMATION |
| fixed length control field |
230530b ||||| |||| 00| 0 eng d |
| 040 ## - CATALOGING SOURCE |
| Transcribing agency |
SSBUL |
| Modifying agency |
SSBUL |
| 082 ## - DEWEY DECIMAL CLASSIFICATION NUMBER |
| Edition number |
23 |
| Classification number |
294.34435 |
| 100 0# - MAIN ENTRY--PERSONAL NAME |
| Personal name |
Khemanada (Brahmana), |
| Titles and words associated with a name |
Ashin. |
| 9 (RLIN) |
24622 |
| 245 00 - TITLE STATEMENT |
| Title |
Vipassana Primary Text Book: ELementary Level (I) / |
| Statement of responsibility, etc. |
Ashin Khemananda (Brahamana); translated by Moe Phyu (M.B.A). |
| 260 ## - PUBLICATION, DISTRIBUTION, ETC. |
| Place of publication, distribution, etc. |
[Yangon]: |
| Name of publisher, distributor, etc. |
Shwe Naing Ngan, |
| Date of publication, distribution, etc. |
2011. |
| 300 ## - PHYSICAL DESCRIPTION |
| Extent |
42 pages: |
| Other physical details |
illus; |
| Dimensions |
21 cm. |
| 440 ## - SERIES STATEMENT/ADDED ENTRY--TITLE |
| Title |
ရန်ကင်းတောင်စာစဉ် |
| Volume/sequential designation |
၂၀။ |
| 9 (RLIN) |
24623 |
| 500 ## - GENERAL NOTE |
| General note |
S-KN: Ashin Khemananda (Brahamana) |
| 650 ## - SUBJECT ADDED ENTRY--TOPICAL TERM |
| Topical term or geographic name entry element |
Meditation |
| Form subdivision |
Buddhism |
| General subdivision |
Elementary level. |
| 9 (RLIN) |
24624 |
| 700 0# - ADDED ENTRY--PERSONAL NAME |
| Personal name |
Moe Phyu, tr. |
| 9 (RLIN) |
24625 |
| 942 ## - ADDED ENTRY ELEMENTS (KOHA) |
| Source of classification or shelving scheme |
|
| Koha item type |
Book (Short term) |
| Edition |
23 |
| Classification part |
294.34435 |
| Call number prefix |
Kh |